000
00281nam a2200097Ia 4500
008
220204s9999 xx 000 0 und d
082
_a
581.1(031)
_b
ENC.13B
245
0
_a
Encyclopedia of plant physiology. V 13B. Plant carbohydrate II
260
_a
Berlin
_b
Springer
_c
1981
942
_c
BK
999
_c
36954
_d
36954